| 000 | 01643nam a2200445 i 4500 | ||
|---|---|---|---|
| 001 | 196080 | ||
| 003 | ES-MaACL | ||
| 005 | 20250502063017.0 | ||
| 008 | 240811s2005 sp | ||| ||spa | ||
| 016 | 7 |
_abimoBNE20050455082 _2SpMaBN |
|
| 016 | _aBNE20052678249 | ||
| 016 | _aBNE20061322121 | ||
| 016 | _aBNE20052733331 | ||
| 016 | _aBNE20052747864 | ||
| 017 |
_aSE 2103-2005 _bOficina Depósito Legal Sevilla |
||
| 035 | _a(OCoLC)433844178 | ||
| 035 | _a(SpMaBN)Mimo0002039355 | ||
| 035 | _a30267481-34bne_inst | ||
| 035 | _a30267479-34bne_inst | ||
| 035 | _a30267480-34bne_inst | ||
| 035 | _a30267478-34bne_inst | ||
| 035 | _a991058916389708606 | ||
| 040 |
_aSpMaBN _bspa _cSpMaBN _erdc |
||
| 080 | _a929 García Bravo-Ferrer, Miguel (082.2) | ||
| 245 | 0 | 0 |
_aSesión de homenaje a la memoria del ateneísta D. Miguel García Bravo-Ferrer : _b(14 de febrero de 2005). |
| 260 |
_a[Sevilla] : _bAteneo de Sevilla, _c2005. |
||
| 300 |
_a81 p. : _bil. ; _c24 cm. |
||
| 336 |
_2rdacontent _atexto |
||
| 337 |
_2rdamedia _asin mediación |
||
| 338 |
_2rdacarrier _avolumen |
||
| 600 | 0 |
_aGarcía Bravo-Ferrer, Miguel- _vHomenajes _2embne _9238100 |
|
| 655 | 7 |
_2tgfbne _9226850 _aHomenajes |
|
| 700 |
_aGarcía Bravo-Ferrer, Miguel _9238101 |
||
| 852 |
_aES-MaACL _bR.153586 _cDEPOJ _jN-9207 _hDonación: Editorial _xEncuadernación rústica _9205157 |
||
| 883 | 1 |
_aCotejo registros de fondos y signatura-ítem _d20220521 |
|
| 942 |
_cMONOGRAFIA _n0 |
||
| 999 |
_c196080 _d196080 |
||